Länder, in denen Formel 1-Rennen stattfanden - Statistiken

Allgemein
  • Dieses Quiz wurde 959 mal gespielt
  • Das Durchschnittsergebnis liegt bei 28 aus 34
Antwortstatistiken
Erstes Rennen Land % Korrekt
29. Juli 1951 Deutschland
98%
3. September 1950 Italien
96%
30. Mai 1950 Vereinigte Staaten
96%
28. Oktober 1951 Spanien
93%
2. Juli 1950 Frankreich
92%
23. August 1964 Österreich
92%
13. Mai 1950 Vereinigtes Königreich
92%
11. Februar 1973 Brasilien
91%
26. September 2004 China
91%
24. Oktober 1976 Japan
91%
27. August 1967 Kanada
90%
27. Oktober 1963 Mexiko
90%
17. August 1952 Niederlande
90%
12. Oktober 2014 Russland
90%
3. November 1985 Australien
89%
18. Juni 1950 Belgien
89%
5. Dezember 2021 Saudi-Arabien
87%
21. Mai 1950 Monaco
86%
24. August 1958 Portugal
86%
21. November 2021 Katar
80%
18. Januar 1953 Argentinien
79%
4. Juni 1950 Schweiz
78%
4. April 2004 Bahrain
76%
29. Dezember 1962 Südafrika
73%
28. September 2008 Singapur
72%
10. August 1986 Ungarn
71%
30. Oktober 2011 Indien
70%
17. Juni 1973 Schweden
70%
1. November 2009 Vereinigte Arabische Emirate
70%
21. August 2005 Türkei
67%
17. Oktober 1999 Malaysia
64%
24. Oktober 2010 Südkorea
64%
25. Juni 2017 Aserbaidschan
62%
19. Oktober 1958 Marokko
44%
Keine übereinstimmenden Quizze gefunden
Verteilung der Resultate
Anzahl Personen mit jedem Resultat
Perzentil nach korrekt beantworteten Fragen
Ihre Resultats-Entwicklung
Sie haben dieses Quiz noch nicht gespielt